Qui a dit cette réplique Marvel #9 - Statistiques

Statistiques générales
  • Ce quiz a été pris 759 fois
    272 depuis la dernière actualisation
  • Le résultat moyen est 10 sur 17
Statistiques - réponses
Hint Réplique Réponse % Correct
1 Vous faites le beau avec votre armure mais sans elle vous êtes quoi ? Captain America (Steve Rogers)
97%
14 J'en ai marre qu'il me traite tout le temps comme ci j'étais un gamin ! Spider man (Peter Parker)
91%
6 La fin fait partie du voyage. Iron man (Tony Stark)
90%
12 Je sais ce que Buck représente pour toi. Black Widow (Natasha Romanoff)
81%
4 Mais si tu reviens encore les mains vides je répandrais ton sang jusqu'au limite de la galaxie. Thanos
78%
7 Ultron ne voit pas la différence entre sauver le monde et le détruire. La sorcière rouge (Wanda Maximoff)
69%
15 S'introduire chez les particuliers pour leur voler des trucs, je l'ai assez fait. Ant man (Scott Lang)
68%
3 J'ai dix longueurs d'avance sur vous. Loki
56%
16 Mais tu lui trouves quoi à Spider man ?! MJ
55%
8 Inquiète est la tête qui porte la couronne. Stark a dit que ça ne te dirait rien parce que ce n'est pas une réplique de Star Wars. Nick Fury
53%
2 S'il y a eu sabotage, ça ne vient pas de notre côté. Hawkeye (Clint Barton)
52%
10 Oh mince j'ai pas cligné du bon oeil ? Rocket
52%
11 Je suis Mary Poppins les jeunes. Yondu Udonta
51%
17 Je t'interdis de me traiter de dico !! Drax
36%
13 Une vodka drive extra avec des olives, beaucoup d'olives ! genre... au moins 3 olives. Pepper Potts
33%
5 Alors ça fait combien de temps que t'es redevenu Ant man ? Cassie Lang
18%
9 La plupart des agences de renseignements aimeraient me faire disparaitre dans un trou noir, mais pour l'instant ils n'ont pas les moyens de s'attaquer... Maria Hill
17%
Aucun quiz correspondant
Distribution des résultats
% des personnes avec chaque résultat
Percentile par nombre de réponses
Votre historique - résultats
Vous n’avez pas pris ce quiz depuis la dernière actualisation